| 000 | 00428nam a2200181Ia 4500 | ||
|---|---|---|---|
| 008 | 230524s9999 xx 000 0 und d | ||
| 020 | _a9780071069670 | ||
| 082 |
_a621.4022 _bHOL |
||
| 100 | _aJ.P.Holman | ||
| 245 | 0 | _aHeat Transfer | |
| 250 | _a10 | ||
| 260 |
_aNew Delhi _bMGH _c2012 |
||
| 300 | _a"xxi,660p;" | ||
| 500 | _aQuantity Number: 5 | ||
| 650 | _aMechanical | ||
| 700 | _aSouvik Bhattacharyya | ||
| 942 | _cBK | ||
| 999 |
_c54925 _d54925 |
||